Annual Report on UNESCO Activities 1998 (Record no. 34446)

MARC details
000 -LEADER
fixed length control field 00510nam a2200121 a 4500
008 - FIXED-LENGTH DATA ELEMENTS--GENERAL INFORMATION
fixed length control field 140915s1999 ||||||||||||||||| || u
050 ## - LIBRARY OF CONGRESS CALL NUMBER
Classification number UNESCO(058)AR/1998
245 00 - TITLE STATEMENT
Title Annual Report on UNESCO Activities 1998
Statement of responsibility, etc. By United Nations Educational, Scientific and Cultural Organization
260 ## - PUBLICATION, DISTRIBUTION, ETC.
Place of publication, distribution, etc. PARIS
Date of publication, distribution, etc. 1999
300 ## - PHYSICAL DESCRIPTION
Extent 28p.
650 ## - SUBJECT ADDED ENTRY--TOPICAL TERM
Topical term or geographic name entry element UNESCO--ANNUAL REPORTS
995 ## - RECOMMENDATION 995 [LOCAL, UNIMARC FRANCE]
-- CBU-MAIN LIBRARY (Kitwe)
-- 1
-- AVAILABLE
-- Sep 15, 2014
-- International Publications
Holdings
Withdrawn status Lost status Source of classification or shelving scheme Damaged status Not for loan Home library Current library Shelving location Date acquired Total Checkouts Full call number Barcode Date last seen Price effective from Koha item type
          CBU-MAIN LIBRARY, KITWE. CBU-MAIN LIBRARY, KITWE.   11/30/2022   UNESCO(058)AR/1998 027771 11/30/2022 11/30/2022 MONOGRAPH